La princesse de Trébizonde (Record no. 160823)

MARC details
000 -LEADER
campo de control de longitud fija 00833nam a22002175i 4500
001 - NÚMERO DE CONTROL
campo de control 160823
003 - IDENTIFICADOR DE NÚMERO DE CONTROL
campo de control ES-MaACL
005 - FECHA Y HORA DE LA ÚLTIMA TRANSACCIÓN
campo de control 20251013220208.0
008 - DATOS DE LONGITUD FIJA--INFORMACIÓN GENERAL
campo de control de longitud fija 041006s1870 fr |||| | fre d
040 ## - FUENTE DE CATALOGACIÓN
Centro catalogador/agencia de origen CAM
Lengua de catalogación spa
Centro/agencia transcriptor CAM
100 1# - ENTRADA PRINCIPAL--NOMBRE DE PERSONA
Nombre de persona Nuitter, Charles.
9 (RLIN) 130548
245 13 - MENCIÓN DEL TÍTULO
Título La princesse de Trébizonde
Resto del título : opéra-bouffe en trois actes /
Mención de responsabilidad, etc. paroles de Ch. Nuitter et Ét. Tréfeu ; musique de Jacques Offenbach.
250 ## - MENCION DE EDICION
Mención de edición 2e éd.
260 ## - PUBLICACIÓN, DISTRIBUCIÓN, ETC.
Lugar de publicación, distribución, etc. Paris :
Nombre del editor, distribuidor, etc. Michel Levy Frères,
Fecha de publicación, distribución, etc. 1870 (
Fabricante Impr. M. Loignon)
300 ## - DESCRIPCIÓN FÍSICA
Extensión 88 p. ;
Dimensiones 19 cm.
500 ## - NOTA GENERAL
Nota general Solo el texto.
700 1# - ENTRADA AGREGADA--NOMBRE PERSONAL
Nombre de persona Tréfeu, Etienne,
Fechas asociadas al nombre 1821-1903
9 (RLIN) 148062
700 0# - ENTRADA AGREGADA--NOMBRE PERSONAL
Nombre de persona Offenbach, Jacques.
9 (RLIN) 86559
852 ## - LOCALIZACIÓN
Ubicación ES-MaACL
Número de control de estantería D-692(9)
Nota libre -- Enc. hol. conservando la cub. original
-- -- Enc. en un vol. facticio
-- .- Legado M. de la Fuente
Holdings
Estatus retirado Estado de pérdida Estado de daño No para préstamo Colección Biblioteca de origen Biblioteca actual Ubicación en estantería Fecha de adquisición Total de préstamos Signatura topográfica completa Código de barras Visto por última vez Precio de reemplazo Tipo de ítem Koha
        Libros del s. XIX Biblioteca del Ateneo de Madrid Biblioteca del Ateneo de Madrid Sala Valle Inclán 17/01/2008   D-692(9) 901168413 23/02/2023 23/02/2023 Libro impreso antiguo